Billy Joel Lyrics Quiz (Part 58) - Statistics

General Stats
  • This quiz has been taken 22 times
  • The average score is 192 of 291
Answer Stats
Answer % Correct
a
93%
All
93%
all
93%
and
93%
And
93%
for
93%
have
93%
Have
93%
I
93%
no
93%
the
93%
Who
93%
You
93%
you
93%
But
87%
by
87%
could
87%
don’t
87%
go
87%
If
87%
if
87%
in
87%
In
87%
men
87%
my
87%
not
87%
should
87%
So
87%
to
87%
what
87%
What
87%
will
87%
been
80%
every
80%
From
80%
I’m
80%
Is
80%
it
80%
It
80%
me
80%
they
80%
They
80%
would
80%
am
73%
can
73%
can’t
73%
did
73%
got
73%
I’ve
73%
know
73%
out
73%
see
73%
there
73%
too
73%
was
73%
answers
67%
are
67%
as
67%
As
67%
gone
67%
haven’t
67%
now
67%
them
67%
up
67%
everything
60%
getting
60%
give
60%
much
60%
say
60%
that
60%
That
60%
their
60%
they’re
60%
they’ve
60%
this
60%
went
60%
back
53%
because
53%
hasn’t
53%
keep
53%
live
53%
off
53%
soul
53%
things
53%
Though
53%
change
47%
closer,
47%
closer
47%
into
47%
over
47%
taken
47%
worked
47%
yet
47%
believe
40%
Berlin
40%
doubt
40%
found
40%
innocence
40%
regret
40%
soon
40%
still
40%
Still
40%
Those
40%
truth
40%
waste
40%
acrobats
33%
alright
33%
bank
33%
bitch
33%
con
33%
crawled
33%
dreams
33%
faith
33%
falling
33%
far
33%
ground
33%
learned
33%
lost
33%
missing
33%
must
33%
naive
33%
pieces
33%
place
33%
searching
33%
start
33%
While
33%
although
27%
contracts
27%
control
27%
count
27%
experience
27%
hide
27%
kick
27%
Knowing
27%
Lately
27%
lot
27%
mark
27%
paybacks
27%
percentages
27%
rich
27%
seems
27%
shyster
27%
sins
27%
somehow
27%
stolen
27%
stores
27%
Switzerland
27%
youth
27%
cannot
20%
despite
20%
laws
20%
professionals
20%
quite
20%
ripped
20%
stomped
20%
Topanga
20%
No matching quizzes found
Score Distribution
Percent of People with Each Score
Percentile by Number Answered
Your Score History
You have not taken this quiz